000 00622nam a2200241 a 4500
001 nice12345678
003 IN_TiNIC
005 20260116011638.0
008 050524s1854 dela grp 000 0 ger
020 _a
_c100
082 0 0 _a529.3
_bWII
100 _aWiistenfeld, Ferdinand
245 _aMuhammadanischen Und Christlichen Zeitrechnung
260 _aDelhi
_bIntercultural Publications
_c1854
300 _a53, 13p.
500 _aincludes index and biblioraphy
505 2 _aIndex
650 _aCalendar-Conversion
700 1 _aWiistenfeld, Ferdinand
902 _bSRS
942 _cBK
999 _c3095
_d3095